[Event "Sivakasi Mahalingam Cup"]
[Site "Sivakasi"]
[Date "2023.07.25"]
[Round "9"]
[White "Aakash, K Palani"]
[Black "Lokesh, N1111"]
[Result "0-1"]
[WhiteElo "1710"]
[BlackElo "2152"]
[PlyCount "56"]
[EventDate "2023.07.21"]
[EventType "swiss"]
[EventRounds "9"]
[EventCountry "IND"]
[SourceTitle "EXT 2024"]
[Source "ChessBase"]
[SourceDate "2023.10.10"]
[SourceVersion "1"]
[SourceVersionDate "2023.10.10"]
[SourceQuality "1"]

1. e4 e5 2. Nf3 Nf6 3. Nxe5 d6 4. Nf3 Nxe4 5. Nc3 Nxc3 6. dxc3 Be7 7. Bd3 Nd7 8. Bf4 Nc5 9. 0-0 0-0 10. Re1 Bf6 11. Nd4 a6 12. Qf3 Nxd3 13. Qxd3 Re8 14. Qf3 Rb8 15. Rxe8+ Qxe8 16. Bd2 Qa4 17. Qe4 Bd7 18. a3 c5 19. b3 Qa5 20. Ne2 Re8 21. Qd3 c4 22. Qxd6 Bc6 23. Nd4 Bxd4 24. Qxd4 Rd8 25. Qxc4 Rxd2 26. Re1 g6 27. h4 Qf5 28. Rf1 Bb5 0-1